| 000 | 00489nam a2200181Ia 4500 | ||
|---|---|---|---|
| 008 | 230125s9999 xx 000 0 und d | ||
| 020 | _a9788184956184 | ||
| 041 | _aeng | ||
| 082 |
_a646.72 _bMAH |
||
| 100 |
_aMahtani R _9117041 |
||
| 245 |
_aThe Power of Posture _bMindful Alignment for a Pain-Free Life |
||
| 250 | _aEd.7th | ||
| 260 |
_c2016 _bJaico Publishing House _aMumbai |
||
| 300 | _a212p | ||
| 700 |
_aMahtani R _9117041 |
||
| 906 | _b92.69 | ||
| 999 |
_c94778 _d94778 |
||